00410nam a2200157Ia 45000010006000000050017000060080041000230410008000640820016000721000034000882450077001222600009001993000028002086500008002366540008002441786320260306171548.0260306s9999||||xx |||||||||||||| ||und|| aESP a658.3bC274 aCsikszentmihalyi, MihalyeAUT 0aFluir en los negocios:bliderazgo y creación en el mundo de la empresa c2003 a299 páginas :c20 cm. aGEN aCAN